000 01609nam a22002417a 4500
999 _c352
_d352
003 AR-BaISA
005 20220803160249.0
008 170622s2015 mx ad||| |||| 001 0 spa d
020 _a9786071512413
040 _cAR-BaISA
082 0 4 _222
_a362.173 068 B192
100 1 0 _9867
_aBalderas Pedrero, Mária de la Luz
_eaut.
245 1 0 _aAdministración de los servicios de enfermería /
_cMaría de la Luz Balderas Pedrero
250 _a7ª ed.
260 _aMéxico:
_bMcGraw-Hill,
_c2015
300 _a455 p.:
_bil., graf.
504 _aBibliografía p: 439-440
504 _aÍndice p: 441-455
505 0 _tAntecedentes históricos --
_tTeoría general de la administración --
_tAdministración contemporánea --
_tConceptos básicos --
_tFunciones administrativas --
_tConceptos generales --
_tAdministración integral de servicios --
_tServicios de enfermería --
_tDepartamento de enfermería --
_tAdministración estratégica en servicios de enfermería --
_tInstrumentos para administrar servicios de enfermería --
_tSistema de salud --
_tIntegración de recursos humanos de enfermería --
_tLiderazgo en enfermería --
_tInstrumentos de los procesos operativos --
_tTeorías de enfermería --
_tEl proceso enfermero --
_tEl proceso administrativo aplicado a la atención de enfermería --
_tInvestigación y administración --
_tLa investigación en el proceso del conocimiento --
_tMétodos y técnicas de investigación --
_tEl método científico
650 1 4 _9866
_aServicios de enfermería
_vorganización y administración
650 1 0 _aTeorías de enfermería
_998
942 _2ddc
_cLI